000 00536nam a2200193Ia 4500
005 20250326125136.0
008 250326s9999 xx 000 0 und d
037 _aTextbook
040 _aFMSL
_beng
_cFMSL
041 _aeng
_2eng
084 _aX:97:Z2 N4
_qFMSL
100 _aMisra S N
245 0 _aIntroduction to labour and industrial laws
_cMisra S N; Misra S K
250 _a14
260 _aAllahabad
_bAllahabad, Central Law
_c1994
300 _a799p
942 _cTB
_hX:97:Z2 N4
999 _c1276727
_d1276727